000 01629nam a22002897a 4500
999 _c57837
_d57837
003 Ge_BSU
005 20210304132306.0
008 210304s2019ge xxu||||| |||| 00| 0 geo d
020 _a9789941818431
041 _ageo
080 _a338.24(02).43ბ-25
100 _aბარინგერი. ბრუს. რ
_910329
245 _aმეწარმეობა:
_bახალი საწარმოს წარმატებული წამოწყებისთვის /
_cბრუს რ. ბარინგერი, რ. დაუენ აირლენდი, მთარგმნელები. : შ. მაჭავარიანი, ნ. ჭიღვაია,თ. ღერკენაშვილი. და სხვ.
250 _aმე -6 . გამოცემა
264 _aთბილისი:
_bსაგა,
_c2019.
300 _a597 გვ.:
_bილუსტრ.
_c30სმ.
504 _aბიბლიოგრ.. გვ:. 40,78,119,158,193,232,273,309,342,380,422,461,193, 529
653 _aეკონომიკური პოლიტიკა
653 _aმართვა
653 _aდაგეგმვა ეკონომიკაში
653 _aეკონომიკა
700 _aაირლენდი, რ. დაუენ
_910330
700 _aმაჭავარიანი, შ
_eმთარგმნელი
_910331
700 _aჭიღვაია, ნ
_eმთარგმნელი
_910332
700 _aღერკენაშვილი, თ
_eმთარგმნელი
_910333
942 _2udc
_cBK